Estudios sobre el mercado de trabajo (Registro nro. 45945)
[ vista simple ]
| 000 -CABECERA | |
|---|---|
| Longitud fija campo de control | 00939naa a2200229 4500 |
| 001 - NÚMERO DE CONTROL | |
| Número de control | 45945 |
| 003 - IDENTIFICADOR DE NÚMERO DE CONTROL | |
| Identificador del número de control | ES-MaCES |
| 005 - FECHA Y HORA DE LA ÚLTIMA TRANSACCIÓN | |
| Fecha y hora de la última transacción | 20150925135704.0 |
| 008 - CAMPO FIJO DE DESCRIPCIÓN FIJA--INFORMACIÓN GENERAL | |
| Códigos de información de longitud fija | 150608s2014 sp ||||| t||||||| ||spa d |
| 040 ## - FUENTE DE CATALOGACIÓN | |
| Centro catalogador de origen | ES-MaCES |
| Lengua de catalogación | spa |
| Centro transcriptor | ES-MaCES |
| 100 1# - ENCABEZAMIENTO PRINCIPAL--NOMBRE PERSONAL | |
| 9 (RLIN) | 10672 |
| Nombre de persona | Díaz de Atauri, Pablo Gimeno |
| 245 10 - MENCIÓN DE TÍTULO | |
| Título | Estudios sobre el mercado de trabajo |
| Resto del título | : los trabajadores de más de 45 años en la crisis del mercado de trabajo |
| Mención de responsabilidad, etc. | Pablo Gimeno Díaz de Atauri |
| 650 #4 - ASIENTO SECUNDARIO DE MATERIA--TÉRMINO DE MATERIA | |
| 9 (RLIN) | 28292 |
| Término de materia o nombre geográfico como elemento inicial | mercado de trabajo |
| 650 #4 - ASIENTO SECUNDARIO DE MATERIA--TÉRMINO DE MATERIA | |
| 9 (RLIN) | 30040 |
| Término de materia o nombre geográfico como elemento inicial | condiciones de empleo |
| 650 #4 - ASIENTO SECUNDARIO DE MATERIA--TÉRMINO DE MATERIA | |
| 9 (RLIN) | 28410 |
| Término de materia o nombre geográfico como elemento inicial | trabajador de edad avanzada |
| 650 #4 - ASIENTO SECUNDARIO DE MATERIA--TÉRMINO DE MATERIA | |
| 9 (RLIN) | 29792 |
| Término de materia o nombre geográfico como elemento inicial | situación ocupacional |
| 653 10 - TÉRMINO DE INDEXACIÓN--NO CONTROLADO | |
| Término no controlado | Empleo |
| 650 #4 - ASIENTO SECUNDARIO DE MATERIA--TÉRMINO DE MATERIA | |
| 9 (RLIN) | 28369 |
| Término de materia o nombre geográfico como elemento inicial | relaciones laborales |
| 773 0# - ENTRADA DE DOCUMENTO FUENTE | |
| Itemnumber del ítem fuente | 82478 |
| Lugar, editor y fecha de publicación | Valladolid (Avda. Reyes Católicos, 11, 47008) Lex nova |
| Otro identificador del documento | 085381 |
| Título | Información laboral |
| Número de control del registro relacionado | (ES-MaCES)25782 |
| Parte(s) relacionada(s) | n. 10 (2014) {55/796 R. 085381} ;p. 221-234 |
| 902 ## - CES. TIPO DE DOCUMENTO | |
| Tipodoc (006$c Sirtex) | ART Artículo de revista |
| 942 ## - ELEMENTOS KOHA | |
| Fuente de clasificaión o esquema | Clasificación propia del CES |
| Koha [por defecto] tipo de item | Artículos (1982-2017) |
| Parte de clasificación | Relaciones Laborales y Rel. Lab.- Empleo |
No hay ítems disponibles.
